Catalogue of Genealogische Arbeitsgemeinschaft
Lahn-Dill-Kreis e.V.

Ortsfamilienbuch Großen-Linden (Record no. 2537)

MARC details
000 -Satzkennung
Kontrollfeld mit fester Länge 02438pam a2200493 c 4500
001 - Kontrollnummer
Kontrollfeld 1029938164
003 - Kontrollnummer Identifier
Kontrollfeld DE-101
005 - Datum und Zeit der letzten Transaktion
Kontrollfeld 20240224222710.0
007 - Feld mit fester Länge zur physischen Beschreibung - Allgemeine Information
Kontrollfeld mit fester Länge tu
008 - Feld mit fester Länge zur physischen Beschreibung - Allgemeine Angaben
Kontrollfeld mit fester Länge 130121s2012 gw ||||| |||| 00||||ger
015 ## - Nummer der Nationalbibliografie
Nummer der Nationalbibliografie 13,B08
Gelöschte/Ungültige Nummer der Nationalbibliografie 13,N05
Quelle dnb
016 7# - Kontrollnummer der nationalbibliografischen Agentur
Quelle DE-101
Datensatzkontrollnummer 1029938164
020 ## - Internationale Standardbuchnummer
Internationale Standardbuchnummer 9783864240836
Bezugsbedingungen Gewebe : EUR 39.00 (DE), EUR 40.10 (AT), sfr 51.90 (freier Pr.)
024 3# - Anderer Standardidentifier
Standardnummer oder Code 9783864240836
035 ## - Systemkontrollnummer
System-Kontrollnummer (DE-599)DNB1029938164
035 ## - Systemkontrollnummer
System-Kontrollnummer (OCoLC)828198938
040 ## - Katalogisierungsquelle
Original-Katalogisierungsstelle 1245
Katalogisierungssprache ger
Übertragungsstelle DE-101
Bearbeitungsstelle 9999
041 ## - Sprachcode
Sprachcode des Textes/der Tonspur oder des separaten Titels ger
044 ## - Ländercode der veröffentlichenden/herstellenden Stelle
ISO-Ländercode XA-DE-RP
082 04 - Notation nach der Dewey Decimal Classification
Feldverknüpfung und Reihenfolge 3\u
Notation 929.3434145
Zuweisende Stelle DE-101
Ausgabenummer 22/ger
083 7# - Zusätzliche DDC-Notation
Notation 920
-- 943
Zuweisende Stelle DE-101
Ausgabenummer 23sdnb
085 ## - Synthetische Notation und ihre Bestandteile
Feldverknüpfung und Reihenfolge 3\u
Base number 929.3
085 ## - Synthetische Notation und ihre Bestandteile
Feldverknüpfung und Reihenfolge 3\u
Table identification 2
Digits added from classification number in schedule or external table 434145
090 ## - LOCALLY ASSIGNED LC-TYPE CALL NUMBER (OCLC); LOCAL CALL NUMBER (RLIN)
Notation (OCLC) (R) ; Notation, CALL (RLIN) (NR) b
100 1# - Haupteintragung - Personenname
Feldverknüpfung und Reihenfolge 1\p
Personenname Westermann, Marie-Luise
Funktionsbezeichnung Verfasser
Code für Beziehungskennzeichnung aut
245 10 - Titel
Titel Ortsfamilienbuch Großen-Linden
Verfasserangabe etc. von Marie-Luise Westermann. Unter Mitarb. von Gerd Gramlich
264 #1 - Produktion, Veröffentlichung, Distribution, Herstellung und Urheberrechtsvermerk
Herstellungs-, Veröffentlichungs- Vertriebs-, Erzeugungsort Plaidt
Produzent, Herausgeber, Distributor, Hersteller Cardamina-Verl. Breuel
Datum der Herstellung, der Veröffentlichung, des Vertriebs oder des Urheberschutzvermerks 2012
300 ## - Physische Beschreibung
Umfang 621 S.
Maße 31 cm
336 ## - Inhaltstyp
Inhaltstypterm Text
Inhaltstypcode txt
Quelle rdacontent
337 ## - Medientyp
Bezeichnung des Medientyps ohne Hilfsmittel zu benutzen
Medientypcode n
Quelle rdamedia
338 ## - Datenträgertyp
Datenträgertypbezeichnung Band
Datenträgertypcode nc
Quelle rdacarrier
490 1# - Gesamttitelangabe
Gesamttitelangabe Reihe deutscher Ortssippenbücher
Bandnummer/Folgebezeichnung Bd. 00.716
500 ## - Allgemeine Fußnote
Allgemeine Fußnote Inhaltsverzeichnis<br/><br/>003 Vorwort<br/>004 Inhaltsverzeichnis<br/>005 Einleitung<br/>006 Quellen- und Literaturverzeichnis<br/>007 Abkürzungen und Worterklärungen<br/>008 Erläuterungen zu den Verzeichnissen<br/>009 Familienverzeichnis 1571 - 1818<br/>293 Verzeichnis der Ehefrauen<br/>320 Verzeichnis der Verstorbenen 1717 - 1818<br/>371 Index der Namen im Famiienverzeichnis<br/>408 Index der Ortsnamen im Familienverzeichnis
500 ## - Allgemeine Fußnote
Allgemeine Fußnote Inhalt<br/><br/>005 Nachrichten und Vorworte<br/>011 Tipps zur Benutzung<br/><br/>013 Die Familien<br/><br/>593 Register der Berufe<br/>600 Register der Titel und Ehrenämter<br/>601 Register der Todesursachen<br/>602 Register der Orte<br/>611 Register der Namen
653 ## - Indexierungsterm - Nicht normiert
Nicht-normierter Term (Produktform)Hardback
653 ## - Indexierungsterm - Nicht normiert
Nicht-normierter Term (VLB-WN)1558: Hardcover, Softcover / Geschichte/Regionalgeschichte, Ländergeschichte
700 1# - Nebeneintragung - Personenname
Feldverknüpfung und Reihenfolge 2\p
Personenname Gramlich, Gerd
Funktionsbezeichnung Mitwirkender
Code für Beziehungskennzeichnung ctb
830 #0 - Nebeneintragung unter dem Gesamttitel - Einheitstitel
Einheitstitel Deutsche Ortssippenbücher
Bandnummer/Folgebezeichnung Bd. 00.716
Datensatzkontrollnummer (DE-101)101500783X
-- (DE-600)2626990-9
Koha-Normdatenidentnummer 10 3716
Kontrollunterfeld as
856 42 - Elektronische Adresse und Zugriff
Kontaktstelle für Hilfe beim Zugriff B:DE-101
Elektronisches Format application/pdf
URL <a href="https://d-nb.info/1029938164/04">https://d-nb.info/1029938164/04</a>
Spezifische Materialangaben Inhaltsverzeichnis
883 2# - Metadatenprovenienz
Feldverknüpfung und Reihenfolge 1\p
Erstellungsprozess dnb
Herstellungsdatum 20200610
Zuweisende oder erstellende Stelle DE-101
URL https://d-nb.info/provenance/plan#dnb
883 1# - Metadatenprovenienz
Feldverknüpfung und Reihenfolge 2\p
Erstellungsprozess vlb
Herstellungsdatum 20200610
Zuweisende oder erstellende Stelle DE-101
URL https://d-nb.info/provenance/plan#vlb
942 ## - Zusätzliche Felder (Koha)
Klassifikation oder Aufstellungssystematik Andere/Generische Klassifikation
Koha-Medientyp Buch
OPAC-Anzeige unterdrücken Nein
Holdings
Ausgeschieden Verloren Klassifikation oder Aufstellungssystematik Beschädigt Nicht entleihbar Sammlung Heimatbibliothek Aktuelle Bibliothek Aufstellungsort Erwerbungsdatum Lieferant Anzahl Ausleihen Signatur Letzte Aktivität Koha-Medientyp
    Andere/Generische Klassifikation     Personenbezogene Ahnenforschung Genealogische Arbeitsgemeinschaft Lahn-Dill-Kreis e.V. Genealogische Arbeitsgemeinschaft Lahn-Dill-Kreis e.V. Standort 24/02/2024 Hartmut Klein   FG 20.290 24/02/2024 Buch

Genealogische Arbeitsgemeinschaft Lahn-Dill-Kreis e.V. Data protection-and-Imprint